000 00821nam a2200241Ia 4500
003 OSt
005 20220923212431.0
006 a|||||r|||| 00| 0
007 ta
008 220922b |||||||| |||| 00| 0 hin d
024 _a152,923
037 _cTextual
040 _aARTS
_cARTS
_bhin
041 _2hin
_ahin
082 _aO142,3xM5, 152L7
100 _aगोर्की, मक्सिम
245 0 _aमेरे विश्वविद्यालय, अनु नरोत्तम नागर
246 _aMere vishvavidyālaya, anu0 narottam nāgara
260 _aमासको
_b प्रगति प्रकाशन
_c1977
300 _a204 पृ.
_ccm.
942 _hO142,3xM5, 152L7
_cTEXL
_2CC
999 _c308571
_d308571